000 00586nam a2200205Ia 4500
005 20250923144842.0
008 008 250917s9999 xx 000 0 eng d
037 _aTextual
040 _aDSWL
_beng
_cDSWL
041 _aeng
_2eng
084 _aY1:45111, H7
_qDSWL
100 _aAndics, Margrethe Von
_9829072
245 0 _aSuicide and the meaning of life
_cby Margrethe Von Andics
260 _aLondon
_bWilliamHodge & Co.
_c1947
300 _axv,219p.
365 _aINR
_b6
925 _g6
942 _cTEXL
_hY1:45111, H7
999 _c1444168
_d1444168